000 00485nam a2200169Ia 4500
003 GCL
008 140319s9999 xx 000 0 eng d
040 _aGCL /
_cGCL
082 0 4 _a327.117
_bB P
100 1 _aBOND, BRIAN
245 1 0 _aTHE PURSUIT OF VICTORY: FROM NAPOLEON TO SADDAM HUSSEIN /
_cBOND, BRIAN
260 _a[S.N] :
_bOXFORD UNIVERSITY PRESS ،
_c1996
300 _a240 P
650 0 4 _aMILITARY HISTORY - MODERN
650 0 4 _aINTERNATIONAL RELATIONS
942 _2ddc
_cBK
999 _c13248
_d13248